000 00807nam a2200205 a 4500
001 2480
003 CO-ViMGA
008 141112s2004 ck r 000 u spa d
020 _a8475226310
040 _aCO-ViMGA
_bspa
_cCO-ViMGA
082 0 4 _a370.15 R633p
100 1 _aRogers, Colin
_951411
245 1 0 _aPsicologia social de la enseñanza
260 _aMadrid :
_bVisor,
_c1987
300 _a187 p
505 _aIINTRODUCCION, II Investigación SOBRE EXPECTATIVAS DE LOS PROFESORES, III EL PROCESO DE EXPECTATIVA, IV PERCEPCIONES QUE TIENE EL PROFESOR DE SUS ALUMNOS, V PERCEPCIONES DE LOS ALUMNOS DE SUS PROFESORES, VI RESPUESTAS COGNITIVAS ANTE EL EXITO Y EL FRACASO, VII EL PAPEL MEDIADOR DEL AUTOCONCEPTO
650 1 4 _aPSICOLOGIA
_95002
650 1 4 _aPSICOLOGIA DE LA educación
942 _2ddc
_cBK
999 _c14559
_d14559